[Event "BL2-Sued 2223"]
[Site "Germany"]
[Date "2023.03.18"]
[Round "9.2"]
[White "Sumets, Andrey"]
[Black "Benkovic, Petar"]
[Result "1-0"]
[WhiteElo "2504"]
[BlackElo "2366"]
[PlyCount "117"]
[EventDate "2022.10.22"]
[EventType "team-tourn"]
[EventRounds "9"]
[EventCountry "GER"]
[SourceTitle "EXT 2024"]
[Source "ChessBase"]
[SourceDate "2023.10.10"]
[SourceVersion "1"]
[SourceVersionDate "2023.10.10"]
[SourceQuality "1"]
[WhiteTeam "Hofheim"]
[BlackTeam "Stuttgart"]
[WhiteTeamCountry "GER"]
[BlackTeamCountry "GER"]

1. d4 Nf6 2. c4 e6 3. Nf3 d5 4. g3 Be7 5. Bg2 0-0 6. 0-0 c6 7. Qc2 b6 8. Rd1 Nbd7 9. b3 a5 10. Bb2 Ba6 11. Nbd2 Qb8 12. e4 Rc8 13. Re1 Bb7 14. Ne5 a4 15. Nd3 axb3 16. axb3 Rxa1 17. Bxa1 Bf8 18. Nf4 Bb4 19. e5 Ne8 20. Bc3 Bxc3 21. Qxc3 Qc7 22. h4 Ra8 23. Rc1 Qd8 24. Nf1 Ra3 25. Ne3 Nf8 26. Nc2 Ra7 27. c5 bxc5 28. Qxc5 Ra5 29. Qc3 Nd7 30. Nd3 Ra8 31. Bf1 Qb6 32. b4 Nc7 33. Nc5 Nf8 34. Ra1 Rxa1 35. Qxa1 Bc8 36. Qa5 Qb8 37. Na1 Nd7 38. Nab3 Nb6 39. Qa1 h6 40. Na5 Qa8 41. Qc1 Ne8 42. g4 Nd7 43. g5 Nxc5 44. Qxc5 Bd7 45. Qe7 Qc8 46. Nb3 Nc7 47. Nc5 Be8 48. gxh6 gxh6 49. Qf6 Nb5 50. Bxb5 cxb5 51. Qxh6 Qa8 52. Qg5+ Kf8 53. h5 Qa1+ 54. Kg2 Qb1 55. h6 Qh7 56. Kg3 Qh8 57. Kf4 Qh7 58. f3 Qh8 59. Qf6 1-0

[Event "BL2-Sued 2223"]
[Site "Germany"]
[Date "2022.11.25"]
[Round "6.2"]
[White "Gschnitzer, Adrian"]
[Black "Benkovic, Petar"]
[Result "1-0"]
[WhiteElo "2438"]
[BlackElo "2354"]
[PlyCount "56"]
[EventDate "2022.10.22"]
[EventType "team-tourn"]
[EventRounds "9"]
[EventCountry "GER"]
[SourceTitle "EXT 2024"]
[Source "ChessBase"]
[SourceDate "2023.10.10"]
[SourceVersion "1"]
[SourceVersionDate "2023.10.10"]
[SourceQuality "1"]
[WhiteTeam "Walldorf"]
[BlackTeam "Stuttgart"]
[WhiteTeamCountry "GER"]
[BlackTeamCountry "GER"]

1. e4 c5 2. Nf3 d6 3. d4 cxd4 4. Nxd4 Nf6 5. Nc3 Nc6 6. Bg5 e6 7. Qd2 a6 8. 0-0-0 h6 9. Bh4 Bd7 10. f4 Be7 11. Kb1 Nxd4 12. Qxd4 Bc6 13. Be2 Qc7 14. Bf3 e5 15. fxe5 dxe5 16. Qf2 0-0 17. g4 Rad8 18. g5 hxg5 19. Bxg5 Ng4 20. Qh4 Bxg5 21. Qxg5 Nf2 22. Rxd8 Qxd8 23. Qxd8 Rxd8 24. Rf1 Nh3 25. Nd5 Bxd5 26. exd5 Nf4 27. c4 f5 28. Kc2 a5 1-0

[Event "Titled Tuesday intern op 27th Sep Late"]
[Site "Chess.com INT"]
[Date "2022.09.27"]
[Round "1"]
[White "Petrosyan, Manuel"]
[Black "Benkovic, Petar"]
[Result "1-0"]
[WhiteElo "2609"]
[BlackElo "2354"]
[PlyCount "119"]
[EventDate "2022.09.27"]
[EventType "swiss (blitz)"]
[EventRounds "11"]
[EventCountry "USA"]
[SourceTitle "CBM 210 Extra"]
[Source "ChessBase"]
[SourceDate "2022.11.30"]
[SourceVersion "1"]
[SourceVersionDate "2022.11.30"]
[SourceQuality "1"]

1. Nf3 d5 2. g3 Nf6 3. Bg2 c6 4. 0-0 Bg4 5. b3 Nbd7 6. Bb2 e6 7. c4 Bd6 8. d4 0-0 9. Nbd2 a5 10. a3 h6 11. h3 Bf5 12. Ne5 Qc7 13. Nxd7 Qxd7 14. Re1 b5 15. c5 Bc7 16. Nf3 Be4 17. Bf1 Bh7 18. Ne5 Qe8 19. g4 Ne4 20. f3 Bxe5 21. dxe5 Nxc5 22. Rc1 Nd7 23. Rxc6 Nxe5 24. Rc7 Ng6 25. Qd4 e5 26. Qxd5 Rd8 27. Qc5 Qe6 28. b4 axb4 29. axb4 Rd5 30. Qc6 Nf4 31. Qxe6 Nxe6 32. Rb7 Rc8 33. e4 Rd2 34. Bxe5 f6 35. Rb8 Rxb8 36. Bxb8 Nd4 37. Bg2 Nc6 38. Bf4 Rb2 39. Rc1 Nxb4 40. Rc8+ Kf7 41. Rc7+ Kg8 42. Bf1 Bg6 43. Bxb5 Nc2 44. Bc4+ Kh7 45. Rc8 Ne1 46. Bg8+ Kh8 47. Bd5+ Kh7 48. e5 Bd3 49. exf6 gxf6 50. Rc7+ Kh8 51. Bxh6 Rb1 52. Bg7+ Kh7 53. Bf8+ Kh8 54. Bg7+ Kh7 55. Kf2 Kg6 56. Bf8 Bb5 57. Rg7+ Kh6 58. Rb7+ Kg6 59. Be4+ f5 60. Bxf5+ 1-0

[Event "BIH-chT 20th"]
[Site "Neum"]
[Date "2022.09.14"]
[Round "5.4"]
[White "Benkovic, Petar"]
[Black "Saric, Ante"]
[Result "1/2-1/2"]
[WhiteElo "2354"]
[BlackElo "2510"]
[PlyCount "38"]
[EventDate "2022.09.10"]
[EventType "team-tourn"]
[EventRounds "9"]
[EventCountry "BIH"]
[SourceTitle "CBM 210 Extra"]
[Source "ChessBase"]
[SourceDate "2022.11.30"]
[SourceVersion "1"]
[SourceVersionDate "2022.11.30"]
[SourceQuality "1"]
[WhiteTeam "Busovaca Hrasno"]
[BlackTeam "Pazaric Bjelasnica"]
[WhiteTeamCountry "BIH"]
[BlackTeamCountry "BIH"]

1. Nf3 Nf6 2. c4 e6 3. Nc3 d5 4. d4 dxc4 5. e3 a6 6. a4 c5 7. Bxc4 Nc6 8. 0-0 Be7 9. Qe2 cxd4 10. Rd1 e5 11. exd4 exd4 12. Nxd4 Nxd4 13. Qe5 Qd6 14. Qxd6 Bxd6 15. Rxd4 Bc5 16. Rd1 0-0 17. Bg5 Be6 18. Bxe6 fxe6 19. Bxf6 gxf6 1/2-1/2

[Event "BIH-chT 20th"]
[Site "Neum"]
[Date "2022.09.13"]
[Round "4.1"]
[White "Milosevic, Milos"]
[Black "Benkovic, Petar"]
[Result "1/2-1/2"]
[WhiteElo "2379"]
[BlackElo "2354"]
[PlyCount "63"]
[EventDate "2022.09.10"]
[EventType "team-tourn"]
[EventRounds "9"]
[EventCountry "BIH"]
[SourceTitle "CBM 210 Extra"]
[Source "ChessBase"]
[SourceDate "2022.11.30"]
[SourceVersion "1"]
[SourceVersionDate "2022.11.30"]
[SourceQuality "1"]
[WhiteTeam "Bihac"]
[BlackTeam "Busovaca Hrasno"]
[WhiteTeamCountry "BIH"]
[BlackTeamCountry "BIH"]

1. e4 c5 2. Nf3 e6 3. d4 cxd4 4. Nxd4 d6 5. c4 a6 6. Nc3 b6 7. Be3 Bb7 8. Be2 Nf6 9. f3 Be7 10. Qd2 Nbd7 11. g4 h6 12. 0-0-0 Rc8 13. Kb1 Ne5 14. b3 g5 15. h4 Rg8 16. hxg5 hxg5 17. Nc2 Nfd7 18. Rh5 Nc5 19. Bd4 Ng6 20. Rdh1 Nd7 21. Be3 Ngf8 22. Rh8 Rxh8 23. Rxh8 b5 24. Rg8 bxc4 25. b4 f6 26. f4 Kf7 27. Rh8 Kg7 28. Rh5 Nh7 29. Nd4 Ndf8 30. f5 e5 31. Nc2 Qe8 32. Rh1 1/2-1/2

[Event "BIH-chT 20th"]
[Site "Neum"]
[Date "2022.09.11"]
[Round "2.2"]
[White "Zelcic, Robert"]
[Black "Benkovic, Petar"]
[Result "1/2-1/2"]
[WhiteElo "2495"]
[BlackElo "2354"]
[PlyCount "193"]
[EventDate "2022.09.10"]
[EventType "team-tourn"]
[EventRounds "9"]
[EventCountry "BIH"]
[SourceTitle "CBM 210 Extra"]
[Source "ChessBase"]
[SourceDate "2022.11.30"]
[SourceVersion "1"]
[SourceVersionDate "2022.11.30"]
[SourceQuality "1"]
[WhiteTeam "Siroki Brijeg"]
[BlackTeam "Busovaca Hrasno"]
[WhiteTeamCountry "BIH"]
[BlackTeamCountry "BIH"]

1. e4 d5 2. exd5 Qxd5 3. Nc3 Qe5+ 4. Nge2 Nf6 5. d4 Qa5 6. g3 Bg4 7. Bg2 Nc6 8. h3 Bxe2 9. Bxc6+ bxc6 10. Qxe2 e6 11. 0-0 Be7 12. Qf3 Qb6 13. Na4 Qb5 14. Nc3 Qb6 15. b3 0-0 16. Rd1 Rad8 17. Be3 Qa6 18. Na4 Nd7 19. c4 Bf6 20. Rac1 Rfe8 21. Kg2 Qb7 22. Nc5 Nxc5 23. dxc5 Qa8 24. Rxd8 Rxd8 25. Rd1 Rxd1 26. Qxd1 Qe8 27. b4 h6 28. Qa4 Qa8 29. Kg1 Bg5 30. Bxg5 hxg5 31. Qd1 Qe8 32. Qd2 Qe7 33. Qd3 e5 34. Qe4 Qe6 35. b5 f5 36. Qd3 cxb5 37. cxb5 Kh7 38. a4 e4 39. Qd4 Qb3 40. c6 Qf3 41. a5 f4 42. gxf4 gxf4 43. b6 axb6 44. axb6 e3 45. fxe3 fxe3 46. Qh4+ Kg8 47. b7 Qd1+ 48. Kg2 Qe2+ 49. Kg3 Qe1+ 50. Kg4 Qd1+ 51. Kf4 Qd4+ 52. Kg3 Qd6+ 53. Qf4 Qg6+ 54. Qg4 Qd6+ 55. Qf4 Qg6+ 56. Kf3 Qxc6+ 57. Qe4 Qb5 58. Kxe3 Qb3+ 59. Kf2 Qb2+ 60. Kg3 Qb3+ 61. Kf4 Qb5 62. Kg3 Qg5+ 63. Kf3 Qh5+ 64. Kf2 Qc5+ 65. Ke2 Qb5+ 66. Kf2 Qc5+ 67. Kf3 Qh5+ 68. Kf4 Qh4+ 69. Ke3 Qe1+ 70. Kf3 Qd1+ 71. Kf4 Qd6+ 72. Kg4 Qd1+ 73. Kh4 Qd8+ 74. Kh5 Qd1+ 75. Kh4 Qd8+ 76. Kg4 Qd1+ 77. Kg5 Qd2+ 78. Kf5 Qf2+ 79. Ke5 Qf6+ 80. Kd5 Qd6+ 81. Kc4 Qa6+ 82. Kb3 Qb5+ 83. Kc3 Qa5+ 84. Kb2 Qb5+ 85. Kc2 Qc5+ 86. Kd1 Qd6+ 87. Ke1 Qg3+ 88. Ke2 Qh2+ 89. Kd3 Qd6+ 90. Qd4 Qa3+ 91. Qc3 Qd6+ 92. Qd4 Qa3+ 93. Kc2 Qa2+ 94. Qb2 Qc4+ 95. Kb1 Qf1+ 96. Ka2 Qa6+ 97. Kb1 1/2-1/2

[Event "BIH-chT 20th"]
[Site "Neum"]
[Date "2022.09.10"]
[Round "1.2"]
[White "Benkovic, Petar"]
[Black "Kadric, Denis"]
[Result "1/2-1/2"]
[WhiteElo "2354"]
[BlackElo "2561"]
[PlyCount "60"]
[EventDate "2022.09.10"]
[EventType "team-tourn"]
[EventRounds "9"]
[EventCountry "BIH"]
[SourceTitle "CBM 210 Extra"]
[Source "ChessBase"]
[SourceDate "2022.11.30"]
[SourceVersion "1"]
[SourceVersionDate "2022.11.30"]
[SourceQuality "1"]
[WhiteTeam "Busovaca Hrasno"]
[BlackTeam "Sarajevo SK"]
[WhiteTeamCountry "BIH"]
[BlackTeamCountry "BIH"]

1. Nf3 Nf6 2. c4 d6 3. d4 g6 4. Nc3 Bf5 5. Ng5 Bd7 6. e4 e5 7. Nf3 Bg7 8. Be2 0-0 9. 0-0 Re8 10. d5 a5 11. Bg5 h6 12. Bd2 Na6 13. Re1 Nc5 14. Bf1 Nh7 15. g3 f5 16. Nh4 Qf6 17. exf5 g5 18. Ng2 Bxf5 19. Ne3 Bg6 20. f3 Rf8 21. Bg2 a4 22. Ne4 Nxe4 23. fxe4 Qf2+ 24. Kh1 Nf6 25. Qc2 Nxe4 26. Bxe4 Bxe4+ 27. Qxe4 Qxd2 28. Nf5 Kh8 29. Re2 Qb4 30. g4 Rf7 1/2-1/2

[Event "BL2-Sued 2122"]
[Site "Germany"]
[Date "2022.04.30"]
[Round "3.2"]
[White "Krivonosov, Oleg"]
[Black "Benkovic, Petar"]
[Result "1/2-1/2"]
[WhiteElo "2367"]
[BlackElo "2361"]
[PlyCount "103"]
[EventDate "2022.03.05"]
[EventType "team-tourn"]
[EventRounds "10"]
[EventCountry "GER"]
[SourceTitle "EXT 2023"]
[Source "ChessBase"]
[SourceDate "2022.10.05"]
[SourceVersion "1"]
[SourceVersionDate "2022.10.05"]
[SourceQuality "1"]
[WhiteTeam "Schott Mainz"]
[BlackTeam "Stuttgart"]
[WhiteTeamCountry "GER"]
[BlackTeamCountry "GER"]

1. Nf3 d5 2. d4 Nf6 3. c4 e6 4. g3 Be7 5. Bg2 0-0 6. 0-0 c6 7. Qc2 b6 8. Rd1 Nbd7 9. b3 a5 10. Bf4 Ba6 11. Nbd2 Nh5 12. Ne5 Nxf4 13. gxf4 Rc8 14. e3 Nxe5 15. dxe5 Qc7 16. Nf3 Rfd8 17. cxd5 cxd5 18. Qxc7 Rxc7 19. Bf1 Bxf1 20. Kxf1 Ba3 21. Nd4 Bb2 22. Rab1 Bxd4 23. Rxd4 Rdc8 24. Rbd1 g6 25. R1d2 Rc1+ 26. Ke2 Kg7 27. e4 dxe4 28. Rxe4 R8c5 29. Kf3 R1c2 30. Red4 R5c3+ 31. Kg2 h5 32. h4 b5 33. Rd7 Rxd2 34. Rxd2 a4 35. bxa4 bxa4 36. Rd4 Ra3 37. Rd2 Kf8 38. Rb2 Ke7 39. Rb7+ Ke8 40. Rb8+ Kd7 41. Rb7+ Ke8 42. Rb8+ Ke7 43. Rb7+ Kf8 44. Rb8+ Kg7 45. Rb2 Rd3 46. Rb4 Ra3 47. Rb2 Kf8 48. Rb8+ Ke7 49. Rb7+ Ke8 50. Rb8+ Kd7 51. Rb7+ Ke8 52. Rb8+ 1/2-1/2

[Event "Ayvalik Plati"]
[Site "Ayvalik"]
[Date "2022.02.04"]
[Round "9"]
[White "Benkovic, Petar"]
[Black "Solodovnichenko, Yuri"]
[Result "0-1"]
[WhiteElo "2385"]
[BlackElo "2561"]
[PlyCount "128"]
[EventDate "2022.01.30"]
[EventType "schev"]
[EventRounds "9"]
[EventCountry "TUR"]
[SourceTitle "CBM 206 Extra"]
[Source "ChessBase"]
[SourceDate "2022.03.31"]
[SourceVersion "1"]
[SourceVersionDate "2022.03.31"]
[SourceQuality "1"]
[WhiteTeam "Team 2"]
[BlackTeam "Team 1"]
[WhiteTeamCountry "TUR"]
[BlackTeamCountry "TUR"]

1. d4 d5 2. Nf3 e6 3. Bf4 Nf6 4. e3 Be7 5. h3 0-0 6. Nbd2 Nbd7 7. Bd3 b6 8. 0-0 Bb7 9. Ne5 Nxe5 10. Bxe5 c5 11. c3 Re8 12. Bb5 Rf8 13. Bd3 a6 14. Qe2 Nd7 15. Bh2 Re8 16. Nf3 Bf8 17. Rad1 b5 18. dxc5 Nxc5 19. Bb1 Qb6 20. Ne5 g6 21. Qf3 f5 22. Bf4 Qd8 23. Qg3 Nd7 24. e4 Nf6 25. exf5 Nh5 26. fxg6 h6 27. Qf3 Qf6 28. Qxh5 Qxf4 29. Rd4 Qg5 30. Qxg5 hxg5 31. Rg4 Bg7 32. Rxg5 a5 33. f4 b4 34. cxb4 axb4 35. h4 Ba6 36. Rd1 Bf6 37. Nd7 Bxb2 38. h5 Bg7 39. Kf2 Bc4 40. Rd2 Ra7 41. Ne5 Rf8 42. Nf7 Bc3 43. h6 Bxd2 44. g7 Kxf7 45. gxf8Q+ Kxf8 46. h7 Bc3 47. Rg8+ Ke7 48. h8Q Bxh8 49. Rxh8 Kd6 50. Rb8 Kc5 51. g4 Bxa2 52. Bg6 b3 53. Ke3 Ra4 54. Bd3 Rb4 55. Rxb4 Kxb4 56. Kd4 b2 57. f5 e5+ 58. Kxe5 Kc3 59. f6 Kxd3 60. f7 b1Q 61. f8Q Qe1+ 62. Kf6 Qf2+ 63. Ke7 Qxf8+ 64. Kxf8 d4 0-1

[Event "Ayvalik Plati"]
[Site "Ayvalik"]
[Date "2022.02.02"]
[Round "5"]
[White "Benkovic, Petar"]
[Black "Tomic, Aleksandar1111"]
[Result "1-0"]
[WhiteElo "2385"]
[BlackElo "2332"]
[PlyCount "93"]
[EventDate "2022.01.30"]
[EventType "schev"]
[EventRounds "9"]
[EventCountry "TUR"]
[SourceTitle "CBM 206 Extra"]
[Source "ChessBase"]
[SourceDate "2022.03.31"]
[SourceVersion "1"]
[SourceVersionDate "2022.03.31"]
[SourceQuality "1"]
[WhiteTeam "Team 2"]
[BlackTeam "Team 3"]
[WhiteTeamCountry "TUR"]
[BlackTeamCountry "TUN"]

1. Nf3 g6 2. e4 c5 3. d4 cxd4 4. Nxd4 Nc6 5. c4 Nf6 6. Nc3 Nxd4 7. Qxd4 d6 8. Be2 Bg7 9. Bg5 0-0 10. Qd3 Bd7 11. 0-0 Bc6 12. f3 a5 13. Rab1 Nd7 14. Kh1 Nc5 15. b3 Re8 16. Rfc1 Qb6 17. Be3 Rec8 18. Rc2 Be5 19. a3 Qd8 20. b4 axb4 21. axb4 Na4 22. Nd1 Qe8 23. Bd4 Bxd4 24. Qxd4 b5 25. Ne3 Bd7 26. Nd5 Be6 27. c5 Rab8 28. cxd6 Bxd5 29. Rxc8 Qxc8 30. exd5 exd6 31. h3 Qc2 32. Bd3 Qc3 33. Qa7 Qc8 34. Re1 Rb7 35. Qa6 Qb8 36. Qc6 Kg7 37. Re8 Qc7 38. Qxc7 Rxc7 39. Bxb5 Rc1+ 40. Kh2 Nb6 41. Bc6 Rd1 42. Rd8 Kf6 43. b5 Ke7 44. Rb8 Nxd5 45. b6 Nf6 46. b7 Rb1 47. Rc8 1-0

[Event "Ayvalik Plati"]
[Site "Ayvalik"]
[Date "2022.01.31"]
[Round "2"]
[White "Benkovic, Petar"]
[Black "Draskovic, Luka"]
[Result "1/2-1/2"]
[WhiteElo "2385"]
[BlackElo "2464"]
[PlyCount "25"]
[EventDate "2022.01.30"]
[EventType "schev"]
[EventRounds "9"]
[EventCountry "TUR"]
[SourceTitle "CBM 206 Extra"]
[Source "ChessBase"]
[SourceDate "2022.03.31"]
[SourceVersion "1"]
[SourceVersionDate "2022.03.31"]
[SourceQuality "1"]
[WhiteTeam "Team 2"]
[BlackTeam "Team 3"]
[WhiteTeamCountry "TUR"]
[BlackTeamCountry "TUN"]

1. d4 Nf6 2. c4 e6 3. g3 d5 4. Nf3 Be7 5. Bg2 0-0 6. 0-0 c6 7. Qc2 Nbd7 8. Bf4 Nh5 9. Bc1 Nhf6 10. Bf4 Nh5 11. Bc1 Nhf6 12. Bf4 Nh5 13. Bc1 1/2-1/2

[Event "Ayvalik Pirgos"]
[Site "Ayvalik"]
[Date "2022.01.26"]
[Round "4"]
[White "Benkovic, Petar"]
[Black "Draskovic, Luka"]
[Result "1/2-1/2"]
[WhiteElo "2385"]
[BlackElo "2464"]
[PlyCount "40"]
[EventDate "2022.01.24"]
[EventType "schev"]
[EventRounds "9"]
[EventCountry "TUR"]
[SourceTitle "EXT 2023"]
[Source "ChessBase"]
[SourceDate "2022.10.05"]
[SourceVersion "1"]
[SourceVersionDate "2022.10.05"]
[SourceQuality "1"]
[WhiteTeam "Team 4"]
[BlackTeam "Team 3"]
[WhiteTeamCountry "TUR"]
[BlackTeamCountry "TUN"]

1. Nf3 Nf6 2. d4 g6 3. g3 Bg7 4. Bg2 0-0 5. 0-0 d6 6. a4 c6 7. Re1 d5 8. Nbd2 Bf5 9. Nh4 Be6 10. c3 Nbd7 11. e4 dxe4 12. Nxe4 Nxe4 13. Bxe4 Re8 14. a5 Nf6 15. Bg2 Bd5 16. Nf3 Qd7 17. Ne5 Qc8 18. Nf3 Qd7 19. Ne5 Qc8 20. Nf3 Qd7 1/2-1/2

[Event "HUN-chT 2122"]
[Site "Hungary"]
[Date "2021.10.31"]
[Round "2.6"]
[White "Czebe, Attila"]
[Black "Benkovic, Petar"]
[Result "0-1"]
[WhiteElo "2353"]
[BlackElo "2394"]
[PlyCount "50"]
[EventDate "2021.10.10"]
[EventType "team-tourn"]
[EventRounds "9"]
[EventCountry "HUN"]
[SourceTitle "EXT 2023"]
[Source "ChessBase"]
[SourceDate "2022.10.05"]
[SourceVersion "1"]
[SourceVersionDate "2022.10.05"]
[SourceQuality "1"]
[WhiteTeam "Ajka Sentimento"]
[BlackTeam "Mako Duocor"]
[WhiteTeamCountry "HUN"]
[BlackTeamCountry "HUN"]

1. e4 c5 2. Nf3 e6 3. g3 Nc6 4. Bg2 Nf6 5. Nc3 d6 6. d4 cxd4 7. Nxd4 Bd7 8. 0-0 Be7 9. Nce2 0-0 10. c4 Nxd4 11. Nxd4 a6 12. a4 Rc8 13. b3 Qc7 14. Be3 Qa5 15. h3 Rfd8 16. Qb1 Be8 17. f4 g6 18. Qb2 Qc7 19. f5 gxf5 20. Nxf5 exf5 21. Rxf5 Nd7 22. c5 f6 23. cxd6 Qxd6 24. Rd5 Qxg3 25. Qe2 Ne5 0-1

[Event "Vojvodina-chT 21st"]
[Site "Backa Palanka"]
[Date "2021.10.23"]
[Round "1.2"]
[White "Mijatovic, Dusan"]
[Black "Benkovic, Petar"]
[Result "1/2-1/2"]
[WhiteElo "2073"]
[BlackElo "2399"]
[PlyCount "124"]
[EventDate "2021.10.23"]
[EventType "team-tourn"]
[EventRounds "11"]
[EventCountry "SRB"]
[SourceTitle "CBM 204 Extra"]
[Source "ChessBase"]
[SourceDate "2021.11.30"]
[SourceVersion "1"]
[SourceVersionDate "2021.11.30"]
[SourceQuality "1"]
[WhiteTeam "Novi Sad Vojvodina"]
[BlackTeam "Nova Pazova Mladost"]
[WhiteTeamCountry "SRB"]
[BlackTeamCountry "SRB"]

1. e4 d5 2. exd5 Qxd5 3. Nc3 Qd6 4. d4 Nf6 5. Nf3 a6 6. g3 Bg4 7. Bg2 c6 8. h3 Bxf3 9. Bxf3 e6 10. Bf4 Qd8 11. 0-0 Bd6 12. Bxd6 Qxd6 13. Qd3 0-0 14. Rfd1 Nbd7 15. Ne4 Nxe4 16. Bxe4 Nf6 17. Bf3 Rfd8 18. Qb3 Rd7 19. c3 h6 20. Re1 Qc7 21. Rad1 Rad8 22. Qc4 Nd5 23. Kg2 a5 24. Qb3 Nf6 25. a4 Rd6 26. Re5 Nd7 27. Ree1 Qb6 28. Qxb6 Nxb6 29. Ra1 Nd7 30. Red1 Kf8 31. Rab1 Nb6 32. Ra1 R6d7 33. Re1 Nc4 34. Be2 Nd6 35. Bd3 Nc8 36. Be4 Ne7 37. Bf3 g5 38. Re5 Ra8 39. Rh1 Kg7 40. Re2 Ng6 41. Be4 Rad8 42. Bxg6 Kxg6 43. h4 Rd5 44. hxg5 hxg5 45. Rhe1 c5 46. dxc5 Rxc5 47. Re5 Rdd5 48. Rxd5 Rxd5 49. Rb1 Rc5 50. b4 Rxc3 51. bxa5 Rc4 52. Rxb7 Rxa4 53. Rb5 g4 54. Rc5 Ra2 55. Rc4 f5 56. Rc5 Kf6 57. Rb5 Ra1 58. Rc5 Kg5 59. Re5 Kf6 60. Rc5 Ra3 61. Rb5 Ra2 62. Rc5 Ra3 1/2-1/2

[Event "BL2-Sued 1920"]
[Site "Germany"]
[Date "2021.08.08"]
[Round "10.3"]
[White "Menezes, Christoph"]
[Black "Benkovic, Petar"]
[Result "1/2-1/2"]
[WhiteElo "2423"]
[BlackElo "2395"]
[PlyCount "46"]
[EventDate "2019.10.19"]
[EventType "team-tourn"]
[EventRounds "11"]
[EventCountry "GER"]
[SourceTitle "EXT 2023"]
[Source "ChessBase"]
[SourceDate "2022.10.05"]
[SourceVersion "1"]
[SourceVersionDate "2022.10.05"]
[SourceQuality "1"]
[WhiteTeam "Schoenaich"]
[BlackTeam "Stuttgart SF"]
[WhiteTeamCountry "GER"]
[BlackTeamCountry "GER"]

1. Nf3 d5 2. e3 Nf6 3. c4 e6 4. Nc3 Be7 5. b3 0-0 6. Bb2 b6 7. g3 dxc4 8. bxc4 c5 9. Bg2 Bb7 10. 0-0 Nc6 11. Qe2 a6 12. Rfd1 Qc7 13. Rab1 Rfd8 14. d3 Rac8 15. Ne1 Na7 16. Bxb7 Qxb7 17. Ba1 Qc6 18. a4 Rb8 19. Nf3 Qc7 20. d4 cxd4 21. exd4 Rbc8 22. c5 bxc5 23. Qxa6 cxd4 1/2-1/2

[Event "Belgrade Radnicki GM1"]
[Site "Belgrade"]
[Date "2021.07.15"]
[Round "6"]
[White "Benkovic, Petar"]
[Black "Damljanovic, Branko"]
[Result "0-1"]
[WhiteElo "2398"]
[BlackElo "2501"]
[PlyCount "80"]
[EventDate "2021.07.10"]
[EventType "tourn"]
[EventRounds "9"]
[EventCountry "SRB"]
[EventCategory "6"]
[SourceTitle "EXT 2022"]
[Source "ChessBase"]
[SourceDate "2021.10.06"]
[SourceVersion "1"]
[SourceVersionDate "2021.10.06"]
[SourceQuality "1"]

1. Nf3 c5 2. c4 Nc6 3. d4 cxd4 4. Nxd4 Nf6 5. Nc3 e6 6. a3 d5 7. cxd5 exd5 8. e3 Bd6 9. Be2 0-0 10. 0-0 Re8 11. Nf3 a6 12. b3 Bf5 13. Bb2 Rc8 14. Rc1 Bb8 15. Re1 Ba7 16. Bf1 d4 17. exd4 Rxe1 18. Qxe1 Nxd4 19. Nxd4 Bxd4 20. Na4 Rxc1 21. Qxc1 Ne4 22. Bxd4 Qxd4 23. Qb2 Qxb2 24. Nxb2 Nd2 25. b4 Kf8 26. Bd3 Bxd3 27. Nxd3 b6 28. Nf4 Nc4 29. Nd5 Ke8 30. a4 Kd7 31. Nc3 Kd6 32. f4 Nb2 33. g3 Nd3 34. Na2 Kd5 35. b5 a5 36. Kf1 Kc4 37. Ke2 Nc5 38. Nc1 Nxa4 39. Nd3 Nc3+ 40. Ke3 a4 0-1

[Event "Titled Tuesday intern op 22nd June"]
[Site "Chess.com INT"]
[Date "2021.06.22"]
[Round "3"]
[White "Benkovic, Petar"]
[Black "Samaganova, Alexandra"]
[Result "1-0"]
[WhiteElo "2398"]
[BlackElo "1993"]
[PlyCount "87"]
[EventDate "2021.06.22"]
[EventType "swiss (blitz)"]
[EventRounds "11"]
[EventCountry "USA"]
[SourceTitle "CBM 203 Extra"]
[Source "ChessBase"]
[SourceDate "2021.09.30"]
[SourceVersion "1"]
[SourceVersionDate "2021.09.30"]
[SourceQuality "1"]

1. Nf3 c5 2. e3 e6 3. d4 cxd4 4. exd4 Nf6 5. Bd3 Nc6 6. a3 d5 7. 0-0 h6 8. Re1 Bd6 9. Nbd2 0-0 10. b3 a6 11. Bb2 b5 12. Ne5 Bb7 13. f4 Qb6 14. Nxc6 Bxc6 15. Qf3 Rac8 16. Kh1 Qb8 17. Rf1 Qc7 18. Rf2 a5 19. Rg1 Qe7 20. g4 Ne4 21. Nxe4 dxe4 22. Bxe4 Bxe4 23. Qxe4 Bxa3 24. Bxa3 Qxa3 25. g5 h5 26. g6 Qd6 27. Rfg2 Qd5 28. Qxd5 exd5 29. f5 Rc6 30. Ra1 fxg6 31. fxg6 Rff6 32. Rxa5 Rxg6 33. Rxg6 Rxg6 34. Rxb5 Rc6 35. Rc5 Rd6 36. h4 Kf7 37. b4 Kf6 38. Kg2 Kf5 39. Kf3 g5 40. hxg5 Kxg5 41. c4 h4 42. Rxd5+ Rxd5 43. cxd5 Kf5 44. b5 1-0

[Event "Titled Tuesday intern op 22nd June"]
[Site "Chess.com INT"]
[Date "2021.06.22"]
[Round "5"]
[White "Shahade, Gregory P"]
[Black "Benkovic, Petar"]
[Result "1-0"]
[WhiteElo "2476"]
[BlackElo "2398"]
[PlyCount "65"]
[EventDate "2021.06.22"]
[EventType "swiss (blitz)"]
[EventRounds "11"]
[EventCountry "USA"]
[SourceTitle "CBM 203 Extra"]
[Source "ChessBase"]
[SourceDate "2021.09.30"]
[SourceVersion "1"]
[SourceVersionDate "2021.09.30"]
[SourceQuality "1"]

1. e4 c5 2. Nf3 e6 3. d4 cxd4 4. Nxd4 a6 5. Nc3 b5 6. Bd3 Bb7 7. 0-0 d6 8. Re1 Nf6 9. Qf3 Be7 10. Qg3 0-0 11. Bh6 Ne8 12. Rad1 Qc7 13. Nd5 exd5 14. Nf5 Bf6 15. exd5 g6 16. Bxf8 Kxf8 17. Nh6 Be5 18. Qf3 Bg7 19. Ng8 Nd7 20. Re7 f5 21. Bxf5 Ne5 22. Qh3 Kxg8 23. Be6+ Kh8 24. Rxc7 Nxc7 25. f4 Nc4 26. f5 g5 27. f6 Bxf6 28. Rf1 Bd4+ 29. Kh1 Nxe6 30. Qxe6 Ne3 31. Qe4 Bc5 32. Rf7 Bxd5 33. Qxh7# 1-0

[Event "Titled Tuesday intern op 22nd June"]
[Site "Chess.com INT"]
[Date "2021.06.22"]
[Round "4"]
[White "Vu, Bui Thi Thanh Van"]
[Black "Benkovic, Petar"]
[Result "0-1"]
[WhiteElo "1750"]
[BlackElo "2398"]
[PlyCount "56"]
[EventDate "2021.06.22"]
[EventType "swiss (blitz)"]
[EventRounds "11"]
[EventCountry "USA"]
[SourceTitle "CBM 203 Extra"]
[Source "ChessBase"]
[SourceDate "2021.09.30"]
[SourceVersion "1"]
[SourceVersionDate "2021.09.30"]
[SourceQuality "1"]

1. d4 d5 2. Nf3 Nf6 3. e3 c5 4. c3 Nbd7 5. Nbd2 Qc7 6. Bd3 g6 7. 0-0 Bg7 8. b4 c4 9. Bc2 0-0 10. a4 e5 11. e4 exd4 12. Nxd4 Re8 13. Nb5 Qc6 14. Nd4 Qc7 15. Re1 Ne5 16. exd5 Bg4 17. f3 Bd7 18. Be4 a6 19. Nf1 Nd3 20. Re2 Nxe4 21. fxe4 Be5 22. h3 f5 23. exf5 Bxd4+ 24. cxd4 Bxf5 25. Bg5 Qb6 26. Ne3 Qxd4 27. Kh1 Qe4 28. Raa2 Bxh3 0-1